000 00601nam a2200277Ia 4500
005 20260401122317.0
008 008 250103s9999 xx 000 0 eng d
020 _a8173047421
037 _aTB
040 _aEDL
040 _beng
040 _cEDL
041 _2eng
041 _aeng
084 _a297.0954 HAS
084 _qEDL
245 0 _aTheory and Practice
260 _aNew Delhi
260 _bManohar Publishers & Distributors
260 _c2008
300 _a346p
942 _cTB
942 _h297.0954 HAS
999 _c1846425
_d1846425